|
|
|
|
| LEADER |
00000nab a2200000uu 4500 |
| 001 |
vtls011138583 |
| 003 |
SK-MaSNL |
| 005 |
20260303131311.0 |
| 008 |
230218|2011 xo |||||||||||||||||cze| |
| 015 |
|
|
|a SNBRB
|
| 035 |
|
|
|a (urnnbn)urn:nbn:sk:snk:ar-007vmt
|
| 035 |
|
|
|a (uuid)efabf06a-f406-4533-a011-9ac299fe6fce
|
| 035 |
|
|
|a urn:nbn:sk:snk-abaqy0
|
| 040 |
|
|
|a SNKBUCL
|b slo
|c SNKBUCL
|e AACR2
|
| 041 |
0 |
|
|a cze
|
| 044 |
|
|
|a xo
|c SK
|
| 100 |
1 |
|
|a Janda, J.
|4 aut
|9 556367
|
| 245 |
1 |
0 |
|a Etické a psychosociální problémy u dětí s onemocněním ledvin
|c J. Janda
|
| 773 |
0 |
|
|t Československá pediatrie : časopis Pediatrické společnosti časopis Československé pediatrické společnosti, sekce Československé lékařské společnosti J.E. Purkyně ; časopis České a Slovenské pediatrické společnosti
|g Roč. 66, č. 2 (2011), s. 114-118
|
| 954 |
|
|
|a odborná, vedecká literatúra cudzojazyčná (svetová)
|2 lita
|
| 958 |
|
|
|a OND
|
| 958 |
|
|
|a EUIPO
|
| 958 |
|
|
|a article14
|
| 999 |
|
|
|c 1944513
|d 1946443
|